04664nam a2200397 a 4500001000800000003000500008005001700013007000300030008004100033010001100074040002300085041001300108100003500121240012200156245016700278264004200445300006600487336002700553337002800580338002800608500004800636502010100684504003200785505033800817520142901155520122602584650003103810650007503841650007403916650002603990650005304016650006204069700004804131700004304179700004404222dia_849CHAP20250905131517.0ta220117s1997 mx bde rm 001 0 spa d a171398 cCHAPamxchpuaerda0 aspabeng1 aTlahuiz Chavacano, Juan Carlos10aResearch of technical economical feasibility of a canned bean factory (Phaseolus vulgaris) in Puebla city.lEspañol10aEstudio de factibilidad técnico económico de una planta enlatadora de frijol (Phaseolus vulgaris) en la cd. de Puebla, Puebla /cJuan Carlos Tlahuiz Chavacano aChapingo, México :bEl autor,c1997 avii, 90 hojas :bmapas, gráficas, diagramas, tablas, planos 2rdacontentatextobtxt 2rdamediaano mediadobn 2rdacarrieravolumenbnc aLos planos están incluidos en el reporte. aTesis b(Ingeniero Agroindustrial) -- cUACh. Departamento de Ingeniería Agroindustrial,d1997 aBibliografía: hojas 88-890 a6 planos -- 1. Diagrama de flujo del proceso de frijol enlatado -- 2. Diagrama de flujo del proceso de frijol enlatado 2 -- 3. Diagrama de flujo del proceso de frijol enlatado 3 -- 4. Plano de distribución de áreas -- 5. Plano de distribución de equipo -- 6. Diagrama general de distribución de equipos de proceso por áreas3 aEn este estudio se proponen estrategias para la puesta en marcha de una planta enlatadora de frijol en la Cd. de Puebla, Pue El mercado del frijol enlatado está creciendo en forma acelerada debido a cambios sociales cormo el aumento del empleo de las mujeres, así como por la disminución del tiempo de preparación de los alimentos Esta simulación, fue detectada por la empresa Empacadora del Valle de Puebla, la cual aprovechó también la posibilidad de adquirir un equipo para procesar frijol a bajo costo. Se realzó un estudio de mercado, de abastecimiento de materia prima, organización social, aspectos técnicos, análisis financiero y evaluación, del cual se desprenden los siguientes resultados. La inversión total del proyecto es de $12,330,041.00, el financiamiento será de NAFIN a través de BANRURAL, Con un 74% de la inversión total y el resto se financiará con recursos propios, el plazo de pago será de 5 años, además se requiere un capital de trabajo de $2,700,000.00 a una capacidad del 50%. pretendiéndose cubrir un 80% con crédito de avío. La Tasa de Rentabilidad (TIR) para la empresa es de 80.78% y de 36.92% para el proyecto, presentándose, así, una viabilidad aceptable. E proyecto es muy sensible ante una disminución del precio del producto, por tal motivo se recomienda seguir las estrategias comerciales propuestas, para evitar esta disminución. --3 aThis study proposes strategies to start a bean canning factory in the city of Puebla, Pue. The market of canned bean is growing up very quickly, due social changes. These changes cause that women use canned products since they work and need short time to prepare food. This situation was detected by Empacadora del Valle de Puebla company. So this company took the possibility of buying capital equipment for processing bean at a kow cost. Research was done on market, raw materials, social organization, and on technical and financial aspects, the basic resut follow. The total investment for this project is $12,330,041.00, the financial assitence wll be trom NAFIN through BANRURAL, With 74% of total investment and the rest will be financed with the company own resources, the installment will be within 5 years, moreover, and $2,700,000.00 of capital work at a 50% capacity, trying to get a credit of 80% trom a bank. The Internal Rate of Return for the company is of 80.78% and 36.92% for the project, showing there is an acceptable rentability. The project is very sensible to reducing of a price, for this reason it is suggested to following the commercial strategies before mentioned, to avoid this diminution. 13aFrijoles 2atgxEnlatado13aFábricas de conservas2atgxIniciativa empresarialzMéxicozPuebla13aIndustria conservera 2atgxIniciativa empresarialzMéxicozPuebla13aBeans 2atgxCanning13aCanneries2atgxEntrepreneurshipzMexicozPuebla13aCanning industry 2atgxEntrepreneurshipzMexicozPuebla1 aSantoyo Cortés, Vinicio Horacioedirector1 aGarcía Chávez, Luis Ramiroeasesor1 aAltamirano Cárdenas, J. Reyeseasesor